[Event "BCF-chT2 1617 (4NCL) Promotion pool"]
[Site "England"]
[Date "2017.05.01"]
[Round "11.36"]
[White "Batchelor, Guy J"]
[Black "Lee, Richard WY"]
[Result "1/2-1/2"]
[WhiteElo "1939"]
[BlackElo "2147"]
[PlyCount "95"]
[EventDate "2016.11.19"]
[EventType "team-tourn"]
[EventRounds "11"]
[EventCountry "ENG"]
[SourceTitle "EXT 2019"]
[Source "ChessBase"]
[SourceDate "2018.10.10"]
[SourceVersion "1"]
[SourceVersionDate "2018.10.10"]
[SourceQuality "1"]
[WhiteTeam "Grantham Sharks II"]
[BlackTeam "Cambridge University"]
[WhiteTeamCountry "ENG"]
[BlackTeamCountry "ENG"]

1. e4 c5 2. Nc3 a6 3. g3 b5 4. Bg2 Bb7 5. d3 e6 6. Nge2 Nf6 7. 0-0 d5 8. exd5 Nxd5 9. Nxd5 Bxd5 10. f3 Be7 11. Nc3 Bc6 12. Be3 0-0 13. Ne4 Nd7 14. f4 Qc7 15. Qe2 Rae8 16. Qf2 f5 17. Nd2 e5 18. Nf3 e4 19. dxe4 Bxe4 20. Rfe1 Bf6 21. c3 Qc6 22. Rad1 Re7 23. Ng5 Bxg5 24. fxg5 Rfe8 25. Bf4 Ne5 26. Bxe5 Rxe5 27. Qf4 Qe6 28. Bxe4 fxe4 29. Qe3 Qxa2 30. Rd2 Rd5 31. Red1 Rxd2 32. Rxd2 Qc4 33. Rf2 a5 34. h4 b4 35. Rf5 Qd3 36. Qxc5 e3 37. Qc6 Qe4 38. Qd7 Qe6 39. Qxe6+ Rxe6 40. Kf1 bxc3 41. Rxa5 cxb2 42. Rb5 Kf7 43. Ke2 Kg6 44. Rxb2 h6 45. gxh6 gxh6 46. g4 h5 47. gxh5+ Kxh5 48. Rb3 1/2-1/2

[Event "BCF-chT2 1617 (4NCL) Promotion pool"]
[Site "England"]
[Date "2017.03.05"]
[Round "8.35"]
[White "Batchelor, Guy J"]
[Black "Ivell, Nicholas W"]
[Result "0-1"]
[WhiteElo "1946"]
[BlackElo "2202"]
[PlyCount "96"]
[EventDate "2016.11.19"]
[EventType "team-tourn"]
[EventRounds "11"]
[EventCountry "ENG"]
[SourceTitle "EXT 2019"]
[Source "ChessBase"]
[SourceDate "2018.10.10"]
[SourceVersion "1"]
[SourceVersionDate "2018.10.10"]
[SourceQuality "1"]
[WhiteTeam "Grantham Sharks II"]
[BlackTeam "Spirit of Atticus"]
[WhiteTeamCountry "ENG"]
[BlackTeamCountry "ENG"]

1. e4 c5 2. Nc3 Nc6 3. Bb5 Nd4 4. Bc4 g6 5. Nge2 Nxe2 6. Qxe2 Bg7 7. d3 a6 8. a4 e6 9. 0-0 Ne7 10. f4 0-0 11. Qf3 d6 12. g4 f5 13. Be3 fxg4 14. Qe2 Kh8 15. Bb3 h5 16. Qd2 Qc7 17. Rf2 Bd7 18. Raf1 Rae8 19. Ne2 d5 20. f5 gxf5 21. Bh6 Qe5 22. Qg5 Qf6 23. Bxg7+ Qxg7 24. Qxh5+ Qh7 25. Qg5 Rf7 26. exd5 Nxd5 27. Bxd5 exd5 28. Ng3 Ref8 29. Qe3 Kg8 30. Rf4 d4 31. Qe5 b6 32. Qd5 Kh8 33. b3 a5 34. Qe5+ Qg7 35. Qxg7+ Kxg7 36. R4f2 Kg6 37. Re1 Re8 38. Rxe8 Bxe8 39. Re2 Bd7 40. Kf2 Kg5 41. Re5 Kf6 42. Re1 Rh7 43. Kg1 Bc6 44. Nf1 f4 45. Nd2 g3 46. Nf1 gxh2+ 47. Nxh2 Rg7+ 48. Kf1 f3 0-1

[Event "London Classic op U2050-A 8th"]
[Site "London"]
[Date "2016.12.10"]
[Round "3"]
[White "Batchelor, Guy J"]
[Black "See, Tristian"]
[Result "1-0"]
[WhiteElo "1936"]
[BlackElo "1552"]
[PlyCount "115"]
[EventDate "2016.12.09"]
[EventType "swiss"]
[EventRounds "5"]
[EventCountry "ENG"]
[SourceTitle "EXT 2019"]
[Source "ChessBase"]
[SourceDate "2018.10.10"]
[SourceVersion "1"]
[SourceVersionDate "2018.10.10"]
[SourceQuality "1"]

1. b3 e5 2. Bb2 Nc6 3. e3 d5 4. Bb5 Bd6 5. Nf3 Qe7 6. c4 Nf6 7. cxd5 Nxd5 8. Bxc6+ bxc6 9. a3 0-0 10. d3 Rb8 11. Nbd2 Be6 12. Qc2 Bd7 13. 0-0 f6 14. Qc4 Kh8 15. Rfc1 Qf7 16. d4 Qh5 17. dxe5 fxe5 18. Qh4 Qxh4 19. Nxh4 Rf7 20. Nhf3 Re8 21. Ng5 Rf5 22. Nge4 Rf7 23. Nxd6 cxd6 24. Ne4 Rb8 25. Nxd6 Re7 26. b4 a5 27. Bc3 Nxc3 28. Rxc3 axb4 29. Rb1 Re6 30. Ne4 bxc3 31. Rxb8+ Re8 32. Rxe8+ Bxe8 33. Nxc3 c5 34. Kf1 Kg8 35. Ke2 c4 36. Kd2 Kf7 37. Ne4 Ke7 38. Kc3 Bc6 39. f3 Bxe4 40. fxe4 Kd6 41. Kxc4 Kc6 42. a4 g6 43. a5 h6 44. a6 Kb6 45. Kd5 Kxa6 46. Kxe5 Kb6 47. Kf6 Kc7 48. e5 g5 49. e6 g4 50. e7 h5 51. e8Q h4 52. Qe6 Kb7 53. Qd6 Ka7 54. Qb4 Ka6 55. Ke6 Ka7 56. Kd6 Ka6 57. Kc6 Ka7 58. Qb7# 1-0

[Event "London Classic op U2050-A 8th"]
[Site "London"]
[Date "2016.12.10"]
[Round "2"]
[White "Dietrich, Mareike"]
[Black "Batchelor, Guy J"]
[Result "0-1"]
[WhiteElo "1712"]
[BlackElo "1936"]
[PlyCount "68"]
[EventDate "2016.12.09"]
[EventType "swiss"]
[EventRounds "5"]
[EventCountry "ENG"]
[SourceTitle "EXT 2019"]
[Source "ChessBase"]
[SourceDate "2018.10.10"]
[SourceVersion "1"]
[SourceVersionDate "2018.10.10"]
[SourceQuality "1"]

1. e4 d6 2. d4 g6 3. Nc3 Bg7 4. f4 Nd7 5. Nf3 e5 6. Bc4 exd4 7. Nxd4 Ne7 8. Be3 a6 9. a4 c5 10. Nf3 Qb6 11. Rb1 Qb4 12. Be2 Bxc3+ 13. bxc3 Qxe4 14. Qd3 Qxd3 15. Bxd3 d5 16. 0-0 f6 17. c4 d4 18. Bf2 b6 19. Rfe1 Kf7 20. Nd2 f5 21. Nf3 h6 22. Ne5+ Nxe5 23. fxe5 Be6 24. Rxb6 Rhb8 25. Reb1 Nc6 26. c3 Rxb6 27. Rxb6 Nxe5 28. Bf1 Rd8 29. cxd4 cxd4 30. c5 d3 31. Rd6 Rxd6 32. cxd6 d2 33. Be2 Bb3 34. Bd4 Nd7 0-1

[Event "BCF-ch Seniors 50"]
[Site "Bournemouth"]
[Date "2016.08.05"]
[Round "7"]
[White "Batchelor, Guy J"]
[Black "Humphreys, Jerry"]
[Result "1-0"]
[WhiteElo "1916"]
[BlackElo "2054"]
[PlyCount "83"]
[EventDate "2016.07.30"]
[EventType "swiss"]
[EventRounds "7"]
[EventCountry "ENG"]
[SourceTitle "CBM 173 Extra"]
[Source "ChessBase"]
[SourceDate "2016.08.29"]
[SourceVersion "1"]
[SourceVersionDate "2016.08.29"]
[SourceQuality "1"]

1. b3 Nf6 2. Bb2 g6 3. Nf3 Bg7 4. c4 c5 5. g3 0-0 6. Bg2 Nc6 7. 0-0 d6 8. d3 Bd7 9. Nc3 a6 10. Qd2 Qa5 11. Nd5 Qxd2 12. Nxd2 Nxd5 13. Bxg7 Kxg7 14. cxd5 Ne5 15. h3 Be8 16. f4 Nd7 17. Rac1 b5 18. d4 Rc8 19. dxc5 dxc5 20. e4 Rc7 21. Rc2 f6 22. h4 Bf7 23. Rfc1 e6 24. d6 Rcc8 25. e5 fxe5 26. fxe5 Nxe5 27. Rxc5 Rxc5 28. Rxc5 Nd3 29. Rc7 Rd8 30. Ne4 Kf8 31. Ra7 e5 32. Rxa6 Bd5 33. Ng5 Bg8 34. Rb6 b4 35. Bf1 Nc1 36. Ra6 h6 37. Nf3 Bd5 38. Nxe5 Bb7 39. Ra7 Be4 40. Rf7+ Kg8 41. Bc4 Kh8 42. d7 1-0

[Event "BCF-ch 103rd U180/2050"]
[Site "Bournemouth"]
[Date "2016.07.28"]
[Round "4"]
[White "Peters, Alexander John"]
[Black "Batchelor, Guy J"]
[Result "1-0"]
[WhiteElo "1985"]
[BlackElo "1916"]
[PlyCount "121"]
[EventDate "2016.07.25"]
[EventType "swiss"]
[EventRounds "5"]
[EventCountry "ENG"]
[SourceTitle "EXT 2019"]
[Source "ChessBase"]
[SourceDate "2018.10.10"]
[SourceVersion "1"]
[SourceVersionDate "2018.10.10"]
[SourceQuality "1"]

1. e4 e5 2. Nf3 Nf6 3. Nxe5 d6 4. Nxf7 Kxf7 5. Nc3 Be7 6. d4 Re8 7. Bc4+ Be6 8. d5 Bg4 9. f3 Bh5 10. e5 Bf8 11. e6+ Kg8 12. Be3 Nbd7 13. Qd2 Nb6 14. Bb3 Qe7 15. 0-0-0 Red8 16. g4 Be8 17. Bg5 c5 18. Bxf6 gxf6 19. a3 Rac8 20. h4 Kh8 21. h5 h6 22. f4 Qg7 23. Rdg1 Be7 24. Ne4 c4 25. Ba2 Na4 26. c3 Nc5 27. Nxc5 Rxc5 28. Bb1 Ba4 29. Bg6 a5 30. Qd4 Be8 31. f5 Bb5 32. Rf1 b6 33. g5 Rf8 34. gxf6 Bxf6 35. Qe4 Qe7 36. Rhg1 Rc7 37. Kb1 Bg7 38. Rf3 Qf6 39. Rfg3 Be8 40. Bxe8 Rxe8 41. Rg6 Qe5 42. Qxe5 Bxe5 43. f6 Kh7 44. f7 Rf8 45. Rg8 Rfxf7 46. exf7 Rxf7 47. Rb8 Rf5 48. Rb7+ Kh8 49. Rh1 Bg3 50. Rxb6 Rxd5 51. Rc6 Rg5 52. Rxc4 Kg7 53. Rd4 Kf6 54. a4 Rc5 55. Rg1 Rg5 56. Rd3 Bh4 57. Rxd6+ Kf5 58. Rd5+ Kf4 59. Rdxg5 hxg5 60. h6 g4 61. h7 1-0

[Event "BCF-ch 103rd U180/2050"]
[Site "Bournemouth"]
[Date "2016.07.25"]
[Round "1"]
[White "Batchelor, Guy J"]
[Black "Brown, Geoffrey M"]
[Result "1-0"]
[WhiteElo "1916"]
[BlackElo "1734"]
[PlyCount "85"]
[EventDate "2016.07.25"]
[EventType "swiss"]
[EventRounds "5"]
[EventCountry "ENG"]
[SourceTitle "EXT 2019"]
[Source "ChessBase"]
[SourceDate "2018.10.10"]
[SourceVersion "1"]
[SourceVersionDate "2018.10.10"]
[SourceQuality "1"]

1. b3 e5 2. Bb2 Nc6 3. e3 d6 4. d4 Nf6 5. dxe5 dxe5 6. Qxd8+ Kxd8 7. Nc3 a6 8. 0-0-0+ Ke8 9. h3 Be6 10. Nf3 h6 11. g4 Rd8 12. Rxd8+ Kxd8 13. Bg2 Bd6 14. Rd1 Kc8 15. Nd2 Rd8 16. Bxc6 bxc6 17. Ne2 Nd5 18. e4 Ne7 19. Nf3 f6 20. Ne1 Ng6 21. Nd3 Rd7 22. c4 Be7 23. Kc2 Nf8 24. Bc3 h5 25. f3 h4 26. Be1 g5 27. Bf2 Bf7 28. Nc3 Ne6 29. Na4 Rd8 30. Rb1 a5 31. Nc3 Bb4 32. Ne2 Kb7 33. Ra1 Be7 34. Nc3 Be8 35. Na4 Bf7 36. Rf1 Bb4 37. Be3 Rd6 38. Ra1 Rd8 39. c5 Ba3 40. Rd1 Nd4+ 41. Bxd4 Rxd4 42. Nc3 Ka6 43. Nb1 1-0

[Event "BCF-chT2a 1516 (4NCL)"]
[Site "England"]
[Date "2015.11.15"]
[Round "2.217"]
[White "Batchelor, Guy J"]
[Black "Baruch, Andrew JD"]
[Result "1/2-1/2"]
[WhiteElo "2020"]
[BlackElo "2074"]
[PlyCount "78"]
[EventDate "2015.11.14"]
[EventType "team-tourn"]
[EventRounds "7"]
[EventCountry "ENG"]
[SourceTitle "CBM 169 Extra"]
[Source "ChessBase"]
[SourceDate "2015.12.18"]
[SourceVersion "1"]
[SourceVersionDate "2015.12.18"]
[SourceQuality "1"]
[WhiteTeam "Grantham Sharks II"]
[BlackTeam "Warwicks Select"]
[WhiteTeamCountry "ENG"]
[BlackTeamCountry "ENG"]

1. b3 Nf6 2. Bb2 g6 3. e3 Bg7 4. c4 d6 5. d4 0-0 6. Nf3 e5 7. dxe5 Ng4 8. Be2 Nxe5 9. Nxe5 dxe5 10. Nc3 Qg5 11. h4 Qd8 12. Qxd8 Rxd8 13. Nd5 Na6 14. 0-0-0 Be6 15. e4 h5 16. Ba3 Bf8 17. Bxf8 Kxf8 18. f3 c6 19. Ne3 Ke7 20. Rxd8 Rxd8 21. Rd1 Rxd1+ 22. Kxd1 f5 23. exf5 gxf5 24. g4 f4 25. Ng2 Bf7 26. Bd3 Nc5 27. Bf5 Kf6 28. Bc8 b5 29. g5+ Kg6 30. cxb5 cxb5 31. Kd2 b4 32. Ne1 Bd5 33. Ke2 a5 34. Nc2 e4 35. Nd4 exf3+ 36. Nxf3 a4 37. Nd4 axb3 38. Bf5+ Kg7 39. axb3 Nxb3 1/2-1/2

[Event "GBR-ch Major 102nd"]
[Site "Coventry"]
[Date "2015.08.06"]
[Round "10"]
[White "Jackson, Oliver A"]
[Black "Batchelor, Guy J"]
[Result "1-0"]
[WhiteElo "2132"]
[BlackElo "1855"]
[PlyCount "63"]
[EventDate "2015.07.27"]
[EventType "swiss"]
[EventRounds "11"]
[EventCountry "ENG"]
[SourceTitle "CBM 167 Extra"]
[Source "ChessBase"]
[SourceDate "2015.09.14"]
[SourceVersion "1"]
[SourceVersionDate "2015.09.14"]
[SourceQuality "1"]

1. e4 e6 2. d4 b6 3. Nf3 Bb7 4. Bd3 Nf6 5. Qe2 Be7 6. 0-0 c5 7. c3 0-0 8. Nbd2 Nc6 9. a3 a5 10. e5 Nd5 11. Ne4 f5 12. exf6 Nxf6 13. Nfg5 g6 14. Nxf6+ Bxf6 15. Nxh7 Ne7 16. Nxf8 Qxf8 17. dxc5 bxc5 18. Be3 Nf5 19. Qg4 Kf7 20. Bxf5 exf5 21. Qc4+ Kg7 22. Qxc5 Qf7 23. Rad1 Rc8 24. Qd6 Bc6 25. Bd4 Bxd4 26. Rxd4 Re8 27. Rh4 Re6 28. Qb8 Re8 29. Qf4 Re4 30. Qh6+ Kf6 31. Qh8+ Ke6 32. Rh7 1-0

[Event "GBR-ch Major 102nd"]
[Site "Coventry"]
[Date "2015.08.05"]
[Round "9"]
[White "Batchelor, Guy J"]
[Black "Ivekovic, Tihana"]
[Result "1/2-1/2"]
[WhiteElo "1855"]
[BlackElo "2039"]
[PlyCount "158"]
[EventDate "2015.07.27"]
[EventType "swiss"]
[EventRounds "11"]
[EventCountry "ENG"]
[SourceTitle "CBM 167 Extra"]
[Source "ChessBase"]
[SourceDate "2015.09.14"]
[SourceVersion "1"]
[SourceVersionDate "2015.09.14"]
[SourceQuality "1"]

1. e4 c5 2. Nc3 Nc6 3. Bb5 Nd4 4. Bc4 e6 5. f4 Ne7 6. d3 d5 7. Bb3 Nxb3 8. axb3 d4 9. Nce2 Nc6 10. Nf3 Be7 11. 0-0 0-0 12. g4 f5 13. gxf5 exf5 14. Ng3 fxe4 15. dxe4 Bg4 16. Qd3 Kh8 17. Bd2 Qd7 18. Rae1 Rad8 19. Kh1 Qc8 20. Ng1 Bh4 21. Nf3 Bxg3 22. hxg3 a6 23. Nh2 Bh5 24. Kg2 b5 25. Nf3 Bg4 26. Rh1 c4 27. bxc4 bxc4 28. Qa3 Kg8 29. f5 d3 30. c3 Bxf3+ 31. Kxf3 Ne5+ 32. Kg2 Qc6 33. Qe7 Qf6 34. Bg5 Qxe7 35. Bxe7 Rb8 36. Rb1 Rfe8 37. Bd6 Rb5 38. Rhe1 Kf7 39. Bxe5 Rexe5 40. Kf3 Rb3 41. Ke3 Reb5 42. Kd4 Rxb2 43. Rxb2 Rxb2 44. Kxc4 Re2 45. Rd1 Rxe4+ 46. Kxd3 Rg4 47. c4 Rxg3+ 48. Kd4 Ke7 49. Kc5 Rc3 50. Kb4 Rc2 51. Kb3 Rf2 52. Rd5 Rf1 53. c5 g6 54. fxg6 hxg6 55. Kb4 Rc1 56. Ka5 Ke6 57. Rd6+ Ke7 58. Kb6 a5 59. Rxg6 a4 60. Rg3 Kd7 61. Rd3+ Kc8 62. Kc6 Rh1 63. Ra3 Rh6+ 64. Kb5 Rg6 65. Rxa4 Rh6 66. Ra8+ Kc7 67. Rg8 Rf6 68. Rg7+ Kc8 69. Ra7 Rh6 70. Ra2 Kc7 71. Rf2 Rg6 72. Rf5 Rh6 73. c6 Rh1 74. Rf2 Kc8 75. Rf5 Kc7 76. Rf2 Kc8 77. Rf5 Kc7 78. Rf2 Kc8 79. Rf5 Kc7 1/2-1/2

[Event "BCF-chT2c 1415 (4NCL)"]
[Site "England"]
[Date "2015.05.04"]
[Round "11.244"]
[White "Granat, Russell"]
[Black "Batchelor, Guy J"]
[Result "1-0"]
[WhiteElo "2189"]
[BlackElo "2080"]
[PlyCount "83"]
[EventDate "2015.03.29"]
[EventType "team-tourn"]
[EventRounds "11"]
[EventCountry "ENG"]
[SourceTitle "EXT 2016"]
[Source "ChessBase"]
[SourceDate "2015.10.08"]
[SourceVersion "1"]
[SourceVersionDate "2015.10.08"]
[SourceQuality "1"]
[WhiteTeam "Guildford III"]
[BlackTeam "Grantham Sharks II"]
[WhiteTeamCountry "ENG"]
[BlackTeamCountry "ENG"]

1. e4 c5 2. Nf3 Nc6 3. c3 Nf6 4. e5 Nd5 5. d4 cxd4 6. cxd4 e6 7. Nc3 d6 8. Bb5 Nxc3 9. bxc3 Qa5 10. Qb3 a6 11. Bxc6+ bxc6 12. 0-0 d5 13. Bd2 Be7 14. Rfb1 0-0 15. c4 dxc4 16. Bxa5 cxb3 17. Rxb3 c5 18. Rc1 cxd4 19. Nxd4 Re8 20. Nc6 Bg5 21. Rd1 f6 22. Bd8 Kf7 23. g3 Bh6 24. h4 f5 25. Bg5 Bxg5 26. hxg5 Kg6 27. f4 Kf7 28. Kf2 Rh8 29. g4 g6 30. Rd6 fxg4 31. Rb6 h5 32. gxh6 Rxh6 33. Nd8+ Ke7 34. Nxe6 Rh2+ 35. Kg3 Rxa2 36. Nd4 Ra3+ 37. Kh4 g5+ 38. Kxg5 Bd7 39. f5 Rg8+ 40. Kf4 Rc3 41. f6+ Ke8 42. e6 1-0

[Event "BCF-chT2c 1415 (4NCL)"]
[Site "England"]
[Date "2015.05.03"]
[Round "10.236"]
[White "Batchelor, Guy J"]
[Black "Brau, Julio"]
[Result "0-1"]
[WhiteElo "2080"]
[BlackElo "2077"]
[PlyCount "80"]
[EventDate "2015.03.29"]
[EventType "team-tourn"]
[EventRounds "11"]
[EventCountry "ENG"]
[SourceTitle "EXT 2016"]
[Source "ChessBase"]
[SourceDate "2015.10.08"]
[SourceVersion "1"]
[SourceVersionDate "2015.10.08"]
[SourceQuality "1"]
[WhiteTeam "Grantham Sharks II"]
[BlackTeam "Cambridge II"]
[WhiteTeamCountry "ENG"]
[BlackTeamCountry "ENG"]

1. e4 c5 2. Nc3 Nc6 3. Bb5 Nd4 4. Bc4 e6 5. d3 Nf6 6. f4 d5 7. Bb3 dxe4 8. Nxe4 b5 9. Ne2 Nxe4 10. dxe4 Nxe2 11. Qxe2 c4 12. Bxc4 bxc4 13. Qxc4 Qb6 14. Bd2 Ba6 15. Qa4+ Bb5 16. Qb3 Bc6 17. Qc4 Rb8 18. b3 Ba3 19. Qe2 Qd4 20. c3 Qxe4 21. Qxe4 Bxe4 22. 0-0 Bc5+ 23. Kh1 Rd8 24. Be1 Bd3 25. Rf3 Be2 26. Rg3 0-0 27. b4 Bd6 28. Re3 Ba6 29. g3 Bc7 30. Kg2 Bb6 31. Re5 Bb7+ 32. Kh3 f6 33. Re2 Bf3 34. Rxe6 Rd5 35. g4 Bc7 36. Bg3 h5 37. gxh5 Rxh5+ 38. Bh4 Bxf4 39. Rf1 Bd5 40. Kg4 Rxh4+ 0-1

[Event "BCF-chT2b 1415 (4NCL)"]
[Site "England"]
[Date "2015.01.11"]
[Round "4.11"]
[White "Batchelor, Guy J"]
[Black "Weller, Pierre"]
[Result "1/2-1/2"]
[WhiteElo "1851"]
[BlackElo "2060"]
[PlyCount "50"]
[EventDate "2014.11.15"]
[EventType "team-tourn"]
[EventRounds "7"]
[EventCountry "ENG"]
[SourceTitle "EXT 2016"]
[Source "ChessBase"]
[SourceDate "2015.10.08"]
[SourceVersion "1"]
[SourceVersionDate "2015.10.08"]
[SourceQuality "1"]
[WhiteTeam "Grantham Sharks II"]
[BlackTeam "White Rose II"]
[WhiteTeamCountry "ENG"]
[BlackTeamCountry "ENG"]

1. b3 e5 2. Bb2 Nc6 3. c4 d6 4. e3 g6 5. Nf3 Bg7 6. d3 Bg4 7. Be2 Nge7 8. h3 Be6 9. Qd2 0-0 10. Nc3 d5 11. cxd5 Nxd5 12. Nxd5 Qxd5 13. 0-0 Rfd8 14. Qc3 h6 15. Rfd1 Rd7 16. Ne1 Qa5 17. Qxa5 Nxa5 18. Bf3 Bd5 19. Bxd5 Rxd5 20. Kf1 Rad8 21. Ke2 c5 22. Rac1 b6 23. Rc2 Nc6 24. a3 a5 25. Rb1 Re8 1/2-1/2

[Event "4NCL-chT rapid"]
[Site "Daventry"]
[Date "2014.10.04"]
[Round "2.1"]
[White "Rogers, Jonathan"]
[Black "Batchelor, Guy J"]
[Result "0-1"]
[WhiteElo "2297"]
[BlackElo "1857"]
[PlyCount "80"]
[EventDate "2014.10.04"]
[EventType "team-swiss (rapid)"]
[EventRounds "7"]
[EventCountry "ENG"]
[SourceTitle "CBM 162 Extra"]
[Source "ChessBase"]
[SourceDate "2014.10.17"]
[SourceVersion "1"]
[SourceVersionDate "2014.10.17"]
[SourceQuality "1"]
[WhiteTeam "Barbican"]
[BlackTeam "Grantham II"]
[WhiteTeamCountry "ENG"]
[BlackTeamCountry "ENG"]

1. d4 d5 2. c4 dxc4 3. e4 b5 4. a4 c6 5. Nc3 a6 6. axb5 cxb5 7. Nxb5 axb5 8. Rxa8 Bb7 9. Ra1 Bxe4 10. Nf3 Nf6 11. Bd2 e6 12. b3 Bd6 13. bxc4 bxc4 14. Bxc4 0-0 15. Qe2 Nc6 16. Bc3 Qc7 17. Rc1 Bf4 18. Rd1 Na5 19. Bxa5 Qxa5+ 20. Kf1 Qa8 21. Bd3 Bd5 22. Ne1 Ne4 23. Bxe4 Bxe4 24. f3 Bb7 25. Nd3 Bd6 26. Nc5 Bxc5 27. dxc5 Ba6 28. Rd3 Bxd3 29. Qxd3 Qa1+ 30. Kf2 Qxh1 31. Qc3 Ra8 32. c6 Ra2+ 33. Ke3 Qg1+ 34. Kd3 Qf1+ 35. Ke3 Qe2+ 36. Kd4 Rd2+ 37. Kc5 Qf2+ 38. Kb5 Rb2+ 39. Ka4 Qa7+ 40. Qa5 Ra2+ 0-1

[Event "Commonwealth-ch"]
[Site "Glasgow"]
[Date "2014.07.02"]
[Round "3"]
[White "Batchelor, Guy J"]
[Black "Espinosa Cancino, Monica"]
[Result "1-0"]
[WhiteElo "1880"]
[BlackElo "1554"]
[PlyCount "167"]
[EventDate "2014.06.30"]
[EventType "swiss"]
[EventRounds "9"]
[EventCountry "SCO"]
[SourceTitle "CBM 161 Extra"]
[Source "ChessBase"]
[SourceDate "2014.08.29"]
[SourceVersion "1"]
[SourceVersionDate "2014.08.29"]
[SourceQuality "1"]

1. b4 Nf6 2. Bb2 e6 3. b5 d5 4. e3 c6 5. a4 Be7 6. Nf3 Nbd7 7. Be2 0-0 8. 0-0 Qc7 9. d4 Bd6 10. c4 dxc4 11. Na3 c3 12. Bxc3 Nd5 13. Bb2 Bxa3 14. Rxa3 cxb5 15. axb5 N7f6 16. Qd3 Bd7 17. Ne5 Rfc8 18. Nxd7 Qxd7 19. Rb3 Rc7 20. g3 Rac8 21. Ra1 b6 22. e4 Ne7 23. Kg2 Rc4 24. Qe3 Rc2 25. h3 Qb7 26. Bf3 Qd7 27. Bc3 h6 28. Qd3 R2xc3 29. Rxc3 Rd8 30. Rd1 Kh8 31. Rd2 Kg8 32. Bd1 Ng6 33. h4 Qb7 34. f3 Qd7 35. Bb3 Ne7 36. Kf2 Kh8 37. Ke3 Qb7 38. Rdc2 Rd7 39. Rc1 Kg8 40. Qc2 Ne8 41. Qa2 Nc7 42. Bc4 Kh8 43. Ra1 Kg8 44. Ra3 Nc8 45. Qb3 Kh8 46. h5 Ne8 47. d5 e5 48. Bf1 Ned6 49. Rc1 Ne7 50. Qd3 Rd8 51. Qc3 Rc8 52. Qb2 Rxc1 53. Qxc1 Qd7 54. Qb2 Nec8 55. Rb3 Qc7 56. Qc3 Qb8 57. Rb2 Ne8 58. Bh3 Ncd6 59. Kf2 Qd8 60. Qc6 Qc7 61. Bd7 Qd8 62. Ra2 Nf6 63. Rxa7 Qe7 64. Qa8+ Ng8 65. Qc6 Qf6 66. Kg2 Kh7 67. Qxb6 Nxe4 68. Qxf6 Nexf6 69. Bc6 Nxh5 70. d6 Nhf6 71. d7 Nxd7 72. Rxd7 Nf6 73. b6 Nxd7 74. Bxd7 Kg6 75. b7 Kf6 76. b8Q g6 77. Qd6+ Kg7 78. Qxe5+ Kh7 79. Qf6 Kg8 80. Be8 Kh7 81. Qxf7+ Kh8 82. Qxg6 h5 83. Bf7 h4 84. Qh6# 1-0

[Event "BCF-ch Major op"]
[Site "Torquay"]
[Date "2013.08.08"]
[Round "10.102"]
[White "Patrick, David A"]
[Black "Batchelor, Guy J"]
[Result "1/2-1/2"]
[WhiteElo "1911"]
[BlackElo "1859"]
[PlyCount "74"]
[EventDate "2013.07.29"]
[EventType "swiss"]
[EventRounds "11"]
[EventCountry "ENG"]
[SourceTitle "EXT 2023"]
[Source "ChessBase"]
[SourceDate "2022.10.05"]
[SourceVersion "1"]
[SourceVersionDate "2022.10.05"]
[SourceQuality "1"]

1. e4 c6 2. d4 d5 3. exd5 cxd5 4. Bd3 Nf6 5. Nf3 Bg4 6. 0-0 Nc6 7. c3 e6 8. Re1 Be7 9. h3 Bxf3 10. Qxf3 Qd7 11. Bf4 0-0-0 12. Nd2 Bd6 13. Nb3 Bxf4 14. Qxf4 Qc7 15. Qxc7+ Kxc7 16. Nc5 Nd7 17. Nxd7 Rxd7 18. f4 g6 19. g4 h5 20. Kg2 a6 21. b4 b5 22. a4 Kb6 23. Ra3 Ra7 24. Rea1 hxg4 25. hxg4 Rc8 26. Rh1 bxa4 27. Rxa4 a5 28. bxa5+ Rxa5 29. Rb1+ Kc7 30. Rxa5 Nxa5 31. Ba6 Ra8 32. Bd3 Nc6 33. f5 gxf5 34. gxf5 Ra3 35. fxe6 fxe6 36. Rc1 Kd6 37. Be2 e5 1/2-1/2

[Event "BCF-ch Major op"]
[Site "Torquay"]
[Date "2013.08.01"]
[Round "4.65"]
[White "Lopez Moreno, Jesus"]
[Black "Batchelor, Guy J"]
[Result "1-0"]
[WhiteElo "2081"]
[BlackElo "1859"]
[PlyCount "63"]
[EventDate "2013.07.29"]
[EventType "swiss"]
[EventRounds "11"]
[EventCountry "ENG"]
[SourceTitle "EXT 2023"]
[Source "ChessBase"]
[SourceDate "2022.10.05"]
[SourceVersion "1"]
[SourceVersionDate "2022.10.05"]
[SourceQuality "1"]

1. d4 Nf6 2. c4 e6 3. Nc3 Bb4 4. e3 Bxc3+ 5. bxc3 c5 6. Bd3 Qa5 7. Ne2 Nc6 8. 0-0 d5 9. cxd5 exd5 10. dxc5 0-0 11. Qb3 Ne5 12. Qb5 Qc7 13. Bc2 Nfg4 14. Nf4 Bd7 15. Qe2 Qxc5 16. Rd1 Nf6 17. a4 Nc4 18. Nxd5 Bc6 19. Nxf6+ gxf6 20. Rd4 Ne5 21. Ba3 Qxc3 22. Bb2 Qa5 23. Bxh7+ Kg7 24. Bb1 Rh8 25. f4 Ng6 26. Rd6 Kh7 27. Rxf6 Kg8 28. Bxg6 fxg6 29. Qg4 Qh5 30. Qe6+ Kh7 31. Rf7+ Kh6 32. Bg7+ 1-0

[Event "BCF-ch Major op"]
[Site "Torquay"]
[Date "2013.07.31"]
[Round "3.76"]
[White "Batchelor, Guy J"]
[Black "Bullock, Lee"]
[Result "1-0"]
[WhiteElo "1859"]
[BlackElo "1449"]
[PlyCount "105"]
[EventDate "2013.07.29"]
[EventType "swiss"]
[EventRounds "11"]
[EventCountry "ENG"]
[SourceTitle "EXT 2023"]
[Source "ChessBase"]
[SourceDate "2022.10.05"]
[SourceVersion "1"]
[SourceVersionDate "2022.10.05"]
[SourceQuality "1"]

1. e4 c5 2. Nc3 d6 3. f4 Nc6 4. Bc4 Nf6 5. d3 Bg4 6. Nge2 a6 7. a4 e5 8. 0-0 Nd4 9. h3 Nxe2+ 10. Nxe2 Be6 11. Bxe6 fxe6 12. fxe5 dxe5 13. b3 Be7 14. Bb2 Qc7 15. Qe1 0-0-0 16. Qg3 Nd7 17. Qg4 Qd6 18. Ng3 Nf6 19. Qe2 g6 20. Qd2 h6 21. Qa5 Kb8 22. Rf3 Rdf8 23. Raf1 Bd8 24. Qe1 Ka7 25. Qa1 Nd7 26. Rxf8 Rxf8 27. Rxf8 Qxf8 28. Bxe5 Nxe5 29. Qxe5 Qe7 30. Qf4 Bc7 31. Qf3 Qg5 32. Nf1 Qe5 33. Ne3 Qd4 34. Kf1 Qa1+ 35. Ke2 Ba5 36. Qf1 Qc3 37. Qd1 Qe5 38. Nc4 Qc3 39. Nxa5 Qxa5 40. Qd2 Qxd2+ 41. Kxd2 Kb6 42. Ke3 e5 43. c3 Kc6 44. d4 Kd6 45. a5 exd4+ 46. cxd4 g5 47. g4 Ke6 48. d5+ Ke5 49. Kd3 Kd6 50. Kc4 b5+ 51. axb6 a5 52. b7 Kc7 53. Kxc5 1-0